00768nam a2200253 a 450000100060000000300080000600500170001400800410003103500190007204000460009104100080013708200240014524500900016926000540025930000340031349000290034750000180037650400310039465000110042565000140043665000200045070000230047070000210049360893BD-RjUL20211209080908.0170104s1959 nyua b 1 eng c a(BD-RjUL)61017 aWright St Univ LibbengcBD-RjULdBD-RjUL aeng 223a388.1bSTU 195910aStudies of highway development and geographic change /cWilliam L. Garrison [at all]  aSeattle :bUniversity of Washington Press,c1959. axvi, 291 p. :bill. ;c27 cm.1 aHighway economic studies aInclude index aBibliography: p. (277-288) 0aRoads. 0aLand use. 0aStore location. aBerry, Brian J. L. aMarble, Duane F.